书目信息 |
| 题名: |
草根创业的100种方法
|
|
| 作者: | 白晓 著 | |
| 分册: | ||
| 出版信息: | 广州 广东人民出版社 2018.06 |
|
| 页数: | 233页 | |
| 开本: | 20cm | |
| 丛书名: | ||
| 单 册: | ||
| 中图分类: | F272.2 | |
| 科图分类: | ||
| 主题词: | 企业经济 | |
| 电子资源: | ||
| ISBN: | 978-7-218-12507-7 | |
| 000 | 00764nam0 2200217 450 | |
| 001 | 2353721271 | |
| 005 | 20231120145923.31 | |
| 010 | @a978-7-218-12507-7@dCNY58.00 | |
| 100 | @a20231120d2018 km y0chiy0120 ea | |
| 101 | 0 | @achi |
| 102 | @aCN@b440000 | |
| 200 | 1 | @a草根创业的100种方法@ACao Gen Chuang Ye De 100 Zhong Fang Fa@f白晓著@FBai Xiao Zhu |
| 210 | @a广州@c广东人民出版社@d2018.06 | |
| 215 | @a233页@d20cm | |
| 300 | @a创业 -- 基本知识 | |
| 330 | @a本书分别从互联网、旅游、服务业、销售等领域, 选取了许多刚刚涌现的商业机遇, 并提出了合理化的运作方法和应该注意的问题, 帮助读者找到符合自己兴趣的创业项目。 | |
| 606 | 0 | @a企业经济 |
| 690 | @aF272.2@v4 | |
| 701 | 0 | @a白晓@ABai Xiao@4著 |
| 801 | 0 | @aCN@b河南城建学院图书馆@c20231120 |
| 905 | @dF272.2@eB146 | |
| 草根创业的100种方法/白晓著.-广州:广东人民出版社,2018.06 |
| 233页;20cm |
| 创业 -- 基本知识 |
| ISBN 978-7-218-12507-7:CNY58.00 |
| 本书分别从互联网、旅游、服务业、销售等领域, 选取了许多刚刚涌现的商业机遇, 并提出了合理化的运作方法和应该注意的问题, 帮助读者找到符合自己兴趣的创业项目。 |
| ● |
| 相关链接 |
|
|
|
正题名:草根创业的100种方法
索取号:F272.2/B146
 
预约/预借
| 序号 | 登录号 | 条形码 | 馆藏地/架位号 | 状态 | 备注 |
| 1 | 1508196 | 215081961 | 教务处资料室/ [索取号:F272.2/B146] | 在馆 | |
| 2 | 1508197 | 215081970 | 教务处资料室/ [索取号:F272.2/B146] | 在馆 |